000 00771cam a2200205 i 4500
005 20251217102346.0
008 250721s1987 qa gr 000 0 ara d
082 1 4 _a216,9262
_bم ر ع
100 1 _aمرعي، محمد محمد
_eمؤلف.
245 1 0 _aالنظم المالية و الإقتصادية في الدولة الإسلامية على ضوء كتاب الخراج لابي يوسف /
_cتاليف محمد محمد مرعي.
250 _aالطبعه الاولى.
264 3 1 _aالدوحة :
_bدار الثقافة،
_c1987.
300 _a232 صفحه.
650 1 7 _aالإقتصاد الإسلامي.
650 1 7 _aالخراج.
650 1 7 _aالضرائب.
650 1 7 _aالعراق.
942 _2ddc
_cBK
999 _c3274
_d3274